<?xml version="1.0" encoding="UTF-8"?>
<record
    xmlns:xsi="http://www.w3.org/2001/XMLSchema-instance"
    xsi:schemaLocation="http://www.loc.gov/MARC21/slim http://www.loc.gov/standards/marcxml/schema/MARC21slim.xsd"
    xmlns="http://www.loc.gov/MARC21/slim">

  <leader>00360nam a22001457a 4500</leader>
  <datafield tag="999" ind1=" " ind2=" ">
    <subfield code="c">191937</subfield>
    <subfield code="d">191937</subfield>
  </datafield>
  <controlfield tag="003">OSt</controlfield>
  <datafield tag="082" ind1=" " ind2=" ">
    <subfield code="a">ICAR/CMFRI/AR/2000-01</subfield>
  </datafield>
  <datafield tag="245" ind1=" " ind2=" ">
    <subfield code="a">Annual Report 2000-01</subfield>
  </datafield>
  <datafield tag="260" ind1=" " ind2=" ">
    <subfield code="a">Ernakulam</subfield>
    <subfield code="b">CMFRI(ICAR)</subfield>
    <subfield code="c">2000-01</subfield>
  </datafield>
  <datafield tag="300" ind1=" " ind2=" ">
    <subfield code="a">162p</subfield>
  </datafield>
  <datafield tag="546" ind1=" " ind2=" ">
    <subfield code="a">English</subfield>
  </datafield>
  <datafield tag="650" ind1=" " ind2=" ">
    <subfield code="a">Marine Fisheries</subfield>
  </datafield>
  <datafield tag="700" ind1=" " ind2=" ">
    <subfield code="a">Central Marine Fisheries Research Institute</subfield>
  </datafield>
  <datafield tag="942" ind1=" " ind2=" ">
    <subfield code="2">ddc</subfield>
    <subfield code="c">REP</subfield>
  </datafield>
  <datafield tag="952" ind1=" " ind2=" ">
    <subfield code="0">0</subfield>
    <subfield code="1">0</subfield>
    <subfield code="2">ddc</subfield>
    <subfield code="4">0</subfield>
    <subfield code="7">0</subfield>
    <subfield code="a">KAUCLV</subfield>
    <subfield code="b">KAUCLV</subfield>
    <subfield code="c">REPORTS</subfield>
    <subfield code="d">2019-08-19</subfield>
    <subfield code="l">0</subfield>
    <subfield code="o">ICAR/CMFRI/AR/2000-01</subfield>
    <subfield code="p">803649</subfield>
    <subfield code="r">2019-08-19 00:00:00</subfield>
    <subfield code="w">2019-08-19</subfield>
    <subfield code="y">REP</subfield>
  </datafield>
</record>
